000 01023nas a2200289 4500
001 BR8704909
003 BR-BrBNA
005 20231205090730.0
007 ta
008 230509b bl.|||p| |||| 00| 00por d
040 _aBR-BrBNA
_bpor
_cBiblioteca Nacional de Agricultura
041 _a(En)
072 _aL53
100 1 _aSimplicio, A.A.
100 1 _aRiera, G.S.
100 1 _aNunes, J.F.
100 1 _aFoote, W.C.
245 1 _aFrequency and duration of estrous cycle and period in genetically non-descript (SRD)type of goats in the tropical northeast of Brazil
246 1 _aFrequency and duration of estrous cycle and period in genetically non-descript (SRD)type of goats in the tropical northeast of Brazil
650 _aCAPRINO
650 _aCICLO ESTRAL
650 _aSUPLEMENTO ALIMENTAR
650 _aCEARA
773 0 _tPesquisa Agropecuaria Brasileira (Brazil)
_xISSN 0100-204X
_g(May 1986), v. 21(5) p. 535-540
_wBR8704909
909 _a202311
_bLúcia
_c55
_dLúcia Elande
942 _2AGRIS
_n0
_cANA
999 _c120516
_d120516